Dos poemas dramáticos: la siesta de un fauno, las nupcias de Heródias

Guardado en:
Detalles Bibliográficos
Autor principal: Mallarmé, Stéphane (autor)
Formato: Libro
Lenguaje:francés
español
Publicado: Barcelona Tusquets 1972
Colección:Cuadernos Marginales, 24
Materias:
Etiquetas: Agregar Etiqueta
Sin Etiquetas, Sea el primero en etiquetar este registro!

MARC

LEADER 00000nam a2200000 a 4500
001 UCO4910
003 CL-VaPUC
008 000825e19720000SP |||||||||||||||||fre|d
041 0 7 |a fre  |2 CL-VaPUC 
041 0 7 |a spa  |2 CL-VaPUC 
082 0 4 |a 841  |b MAL  |2 21 
100 |a Mallarmé, Stéphane  |e autor  |9 326626 
245 1 0 |a Dos poemas dramáticos: la siesta de un fauno, las nupcias de Heródias 
300 |a 64 p 
942 |c BK 
945 |d 20000825 00:00:00  |a crobeson 
260 |a Barcelona  |b Tusquets  |c 1972 
650 0 |a Poesías francesas  |9 265467 
650 0 |a Literatura francesa  |9 266330 
650 7 |a SIMBOLISMO EN LA LITERATURA  |2 CL-VaPUC  |9 268713 
583 |a last modification  |c 20000825 00:00:00  |k Rodrigo Vera 
490 0 |a Cuadernos Marginales, 24 
999 |c 290873  |d 290871 
952 |0 0  |1 0  |4 0  |6 841_000000000000000_MAL_1972  |7 0  |8 A  |9 340483  |a BIBART  |b BIBART  |d 2019-11-20  |i 1216902  |o 841 MAL 1972  |p 1216902  |r 2025-03-13  |w 2019-11-20  |y BK  |k ART